| 000 | 01880cam a22004337a 4500 | ||
|---|---|---|---|
| 001 | 15668487 | ||
| 003 | OSt | ||
| 005 | 20140310181628.0 | ||
| 008 | 090320s2008 nyua j 000 0 eng | ||
| 010 | _a 2009277659 | ||
| 015 |
_aGBA799404 _2bnb |
||
| 016 | 7 |
_a014464023 _2Uk |
|
| 020 | _a9780439918664 (hbk.) | ||
| 020 | _a0439918669 (hbk.) | ||
| 035 | _a(OCoLC)ocn183147742 | ||
| 040 |
_aUKM _cUKM _dBAKER _dZS3 _dUPZ _dBTCTA _dOCLCG _dVP@ _dEHH _dDLC |
||
| 042 | _alccopycat | ||
| 050 | 0 | 0 |
_aTA 405 _b.H654 2008 |
| 082 | 0 | 4 |
_aREF 620.112 _bH55 2008 |
| 100 | 1 |
_aHillman, Ben, _d1957- |
|
| 245 | 1 | 0 |
_aHow strong is it? : _ba mighty book all about strength / _cBen Hillman. |
| 260 |
_aNew York : _bScholastic ; _aEnfield : _bRagged Bears [distributor], _cc2008. |
||
| 300 |
_a48 p. : _bcol. ill. ; _c30 cm. |
||
| 440 | 0 | _aWhat's the big idea? | |
| 520 | _aPresents a visual guide to items and animals of various strength and substance, including such examples as spider webs, bulldozers, black holes, lasers, icebreakers, and the Hercules beetle. | ||
| 520 | _a1. Strength of materials--Miscellanea--Juvenile literature 2. Presents a visual guide to items and creatures of various strength and substance, including such examples as spider webs, bulldozers, black holes, lasers, icebreakers, and the Hercules beetle. | ||
| 521 | _aBasic Ed. Students | ||
| 541 | _j1 | ||
| 562 | _eFor circulation. 1 copy in the colection | ||
| 650 | 0 |
_aStrength of materials _vMiscellanea _vJuvenile literature. |
|
| 650 | 1 | _aStrength of materials. | |
| 650 | 7 |
_aMechanics. _2sears |
|
| 650 | 7 |
_aStrength of materials. _2sears |
|
| 650 | 7 |
_aMuscles. _2sears |
|
| 650 | 7 |
_aForce and energy. _2sears |
|
| 906 |
_a7 _bcbc _ccopycat _d2 _encip _f20 _gy-gencatlg |
||
| 942 |
_2lcc _cBK-GR _kREF |
||
| 999 |
_c400 _d400 |
||